000 00995nam a2200301 c 4500
999 _c42666
_d42666
003 BLK
005 20231219090849.0
008 180408b bul|||||r ||||||| ||bul||
010 _aKNG00046334000
040 _aBLK
041 _aBUL
_cBUL
080 _aФренска литература
_b821.133.1
_x-93-31
_z821.133.1-93-31
100 _aВерн, Жул
_9263632
139 _aВерн, Жул
_bВ 50
245 1 0 _aКапитан Хатерас
_bРоман
_cЖул Верн; прев. от фр. Георги Жечев.
257 _aFRA
260 _bНар. младеж
_c1958
300 _a447 с.
_c22 см
380 _aX
700 1 _aЖечев, Георги
_eпрев. от фр.
_gТекелиев, Георги Жечев
_9367732
852 _aЦб 309719
856 4 _qpdf
856 4 _qpdf
942 _cKNG
_n0
_s1
944 _aCR
_c31.08.2016
_k30560
_lГеновева Генчева
944 _aED
_c31.08.2016
_kИрена_Линкова
999 _d42666